Tower of God - Zahard's Princesses - Statistics

General Stats
  • This quiz has been taken 4 times
  • The average score is 15 of 23
Answer Stats
Status Princess % Correct
Deceased Anak Zahard
100%
Illegitimate, active Anak Zahard
100%
Unknown status An Zahard
100%
Active Arie Adori Zahard
100%
Fugitive Garam Zahard
100%
Sealed Eurasia Enne Zahard
100%
Active Ha Yuri Zahard
100%
Active Androssi Zahard
75%
Active Khun Maschenny Zahard
75%
Active Lo Po Bia Lilial Zahard
75%
Active Lo Po Bia Shilial Zahard
75%
Unknown status Alphid Zahard
50%
Active Arie Hagipherione Zahard
50%
Active Arie Rose Zahard
50%
Active Hendo Lok Gladmerry Zahard
50%
Active Jaina Repellista Zahard
50%
Active Khun Maria Zahard
50%
Deceased Yuram Zahard
50%
Unknown status Arie Horn Zahard
25%
Deceased Rebecca Pon Zahard
25%
Unknown status Heice Zahard
25%
Unknown status Pondo Zahard
25%
Deceased Yunie Zahard
25%
No matching quizzes found
Score Distribution
Percent of People with Each Score
Percentile by Number Answered
Your Score History
You have not taken this quiz